Un pays = un joueur passé par le PSG - Statistiques

Statistiques générales
  • Ce quiz a été pris 1 659 fois
  • Le résultat moyen est 9 sur 15
Statistiques - réponses
Pays Joueur % Correct
France Kylian Mbappe
98%
Brésil Neymar
94%
Argentine Lionel Messi
93%
Suède Zlatan Ibrahimovic
93%
Uruguay Cavani
89%
Angleterre David Beckham
71%
Maroc Hakimi
63%
Liberia Weah
59%
Nigeria Okocha
49%
Espagne Sergio Ramos
45%
Italie Marco Verrati
42%
Portugal Nuno mendes
30%
Allemagne Kehrer
23%
Cameroun Choupo-moting
21%
Sénégal Diallo
19%
Aucun quiz correspondant
Distribution des résultats
% des personnes avec chaque résultat
Percentile par nombre de réponses
Votre historique - résultats
Vous n’avez pas pris ce quiz